000 00839nam a22002177a 4500
003 DO-SdBNP
005 20221104153704.0
007 ta
008 110301s2022 dr 000 0 spa d
020 _a9789945180411
040 _aDO-SdBNP
_bspa
_cBNPHU
082 4 _axxxx
_bT233n
100 _aTaveras Lucas, Orlando A
_971377
_qAlfonso
245 1 0 _aNueva técnica para prevenir y/o tratar alzheimer, parkinson y, otras afecciones neurodegenerativas :
_bla teoria que provocó el cambio en las investigaciones científicas para combatir el alzheimer /
_cOrlando A. Taveras Lucas
260 _aSanto Domingo :
_bMaquetación editorial,
_c2022.
300 _a49 p. :
_c21 cm.
500 _aIncluye datos biográficos del autor en la solapa de la portada.
590 _aInventariado, 2022/ YL
910 _aYLockward
942 _2ddc
_cLBS1
999 _c52804
_d52804